[Event "Thüringenliga 2011/2012"]
[Site "?"]
[Date "2011.12.04"]
[Round "4"]
[White "Bräuer, Franz"]
[Black "Müller, Michael"]
[Result "1-0"]
[WhiteElo "2257"]
[BlackElo "2240"]
[PlyCount "147"]
[EventDate "2011.??.??"]
[WhiteTeam "SV Jenapharm Jena"]
[BlackTeam "SSV Vimaria 91 Weimar"]

1. e4 c5 2. Nf3 d6 3. d4 cxd4 4. Nxd4 Nc6 5. Nc3 g6 6. Be3 Bg7 7. Qd2 Nf6 8. f3
h5 9. O-O-O Bd7 10. Kb1 a6 11. Be2 Rc8 12. h3 h4 13. Rhe1 Na5 14. f4 Rxc3 15.
Qxc3 Nxe4 16. Qb4 Nc5 17. Bg4 f5 18. Bf3 O-O 19. Nb3 Naxb3 20. axb3 b6 21. Bd4
a5 22. Qc4+ Kh7 23. Bxg7 Kxg7 24. Qd4+ Kf7 25. Qf2 Rh8 26. g3 hxg3 27. Qxg3 Qf8
28. h4 Qh6 29. h5 gxh5 30. Qh4 Be6 31. Rh1 Kf8 32. Rhg1 Bf7 33. Rg5 Qf6 34. Qh3
Ne6 35. Rxf5 Nxf4 36. Rxf6 Nxh3 37. Rf5 e6 38. Rb5 d5 39. Rxb6 Ng5 40. Rb8+ Be8
41. Be2 Ne4 42. Bb5 Nd6 43. Bxe8 Nxe8 44. c4 h4 45. cxd5 exd5 46. Rd8 Ke7 47.
R8xd5 Nf6 48. Re5+ Kf7 49. Rh1 Kg6 50. Rg1+ Kf7 51. Rxa5 h3 52. Rag5 Ne4 53.
R5g4 Nf6 54. R4g3 Ne4 55. Re3 Rh4 56. b4 Ng5 57. Rxg5 h2 58. Rf5+ Kg6 59. Rf1
h1=Q 60. Rxh1 Rxh1+ 61. Ka2 Kf5 62. Kb3 Kf4 63. Re8 Rh3+ 64. Kc4 Rh2 65. b5
Rxb2 66. Kc5 Rc2+ 67. Kd6 Rb2 68. Kc6 Rc2+ 69. Kb7 Kf5 70. b6 Kf6 71. Kb8 Rc1
72. b7 Rb1 73. Re4 Kf5 74. Rc4 1-0

[Event "Thüringenliga 2011/2012"]
[Site "?"]
[Date "2011.12.04"]
[Round "4"]
[White "Albrecht, Jürgen"]
[Black "Neidig, Stefan"]
[Result "0-1"]
[WhiteElo "2120"]
[BlackElo "2092"]
[PlyCount "118"]
[EventDate "2011.??.??"]
[WhiteTeam "SSV Vimaria 91 Weimar"]
[BlackTeam "SV Jenapharm Jena"]

1. e4 c5 2. Nf3 Nc6 3. d4 cxd4 4. Nxd4 g6 5. c4 Bg7 6. Be3 Nf6 7. Nc3 Ng4 8.
Qxg4 Nxd4 9. Qd1 Ne6 10. Be2 O-O 11. O-O b6 12. f4 Bb7 13. f5 Nc5 14. Bd4 d6
15. Bxg7 Kxg7 16. Qd4+ f6 17. fxg6 hxg6 18. Bg4 Bc8 19. Bxc8 Rxc8 20. b3 Nd7
21. Nd5 Ne5 22. Nf4 Qd7 23. Qd5 Kh8 24. Ne6 Rf7 25. h3 Rh7 26. Rae1 Rh5 27. Nf4
Nf3+ 28. Rxf3 Rxd5 29. exd5 Kh7 30. Rfe3 Re8 31. Ne6 Kg8 32. Rg3 Kf7 33. Re4
Rh8 34. Reg4 g5 35. h4 Rxh4 36. Rxh4 gxh4 37. Rg7+ Ke8 38. Rg4 a6 39. Rxh4 b5
40. Rh8+ Kf7 41. Rf8+ Kg6 42. Ra8 Kf5 43. Rxa6 bxc4 44. bxc4 Qb7 45. Ra3 Qb4
46. Rf3+ Ke4 47. Rf4+ Ke5 48. Kh2 Qa4 49. Kg3 Qxa2 50. Nf8 Qb3+ 51. Kg4 Qd1+
52. Kg3 Qe1+ 53. Kg4 Qe2+ 54. Kg3 Qe3+ 55. Rf3 Qg5+ 56. Kf2 Qh4+ 57. g3 Qh2+
58. Ke1 Ke4 59. Ra3 Qh6 0-1

[Event "Thüringenliga 2011/2012"]
[Site "?"]
[Date "2011.12.04"]
[Round "4"]
[White "Middelhoff, Cornelius"]
[Black "Günther, Andreas"]
[Result "0-1"]
[WhiteElo "2011"]
[BlackElo "2141"]
[PlyCount "98"]
[EventDate "2011.??.??"]
[WhiteTeam "SV Jenapharm Jena"]
[BlackTeam "SSV Vimaria 91 Weimar"]

1. d4 f5 2. g3 Nf6 3. Bg2 g6 4. c4 Bg7 5. Nc3 d6 6. Nf3 O-O 7. O-O Qe8 8. d5
Na6 9. Nd4 Bd7 10. Rb1 c5 11. Ndb5 Qf7 12. Qb3 h6 13. f4 Rfc8 14. a3 Nc7 15.
Nxc7 Rxc7 16. Bd2 Rb8 17. a4 b6 18. e4 fxe4 19. Nxe4 Bf5 20. Rbe1 a6 21. Nxf6+
Bxf6 22. h3 h5 23. Bc3 b5 24. axb5 axb5 25. Qd1 Bxc3 26. bxc3 bxc4 27. Qf3 Rb2
28. g4 hxg4 29. hxg4 Bd3 30. Re6 Qg7 31. Ra1 Rcb7 32. Qe3 Rb1+ 33. Rxb1 Rxb1+
34. Kh2 Kf8 35. f5 gxf5 36. g5 Rb2 37. Qh3 Be4 38. Rxe4 Rxg2+ 39. Qxg2 fxe4 40.
Qxe4 Qxg5 41. Qxc4 Kf7 42. Qb3 Kf6 43. c4 Ke5 44. Qa2 Kd4 45. Qc2 Qe3 46. Qa2
Qe1 47. Qc2 Qh4+ 48. Kg1 Qg3+ 49. Kh1 Qd3 0-1

[Event "Thüringenliga 2011/2012"]
[Site "?"]
[Date "2011.12.04"]
[Round "4"]
[White "Rensch, Toralf"]
[Black "Darr, Sascha"]
[Result "0-1"]
[WhiteElo "2047"]
[BlackElo "2068"]
[PlyCount "80"]
[EventDate "2011.??.??"]
[WhiteTeam "SSV Vimaria 91 Weimar"]
[BlackTeam "SV Jenapharm Jena"]

1. e4 e5 2. Nf3 Nc6 3. d4 exd4 4. Nxd4 Nf6 5. Nxc6 bxc6 6. Bd3 d5 7. exd5 cxd5
8. O-O Be7 9. b3 O-O 10. Bb2 Bd6 11. Nd2 c6 12. c4 Re8 13. Qc2 Ne4 14. Nxe4
dxe4 15. Be2 Qh4 16. g3 Qg5 17. Rad1 Bc7 18. Bc1 Qg6 19. Be3 Bh3 20. Rfe1 Ba5
21. Bd2 e3 22. Qxg6 exd2 23. Qxc6 dxe1=Q+ 24. Rxe1 Bxe1 25. Bf1 Bxf1 26. Kxf1
Bb4 27. Kg2 a5 28. h4 h5 29. Kf3 Rad8 30. Qb5 g6 31. a3 Be1 32. c5 Re6 33. b4
axb4 34. axb4 Kg7 35. Qc4 Rf6+ 36. Ke2 Bxf2 37. c6 Bxg3 38. Qc3 Bxh4 39. c7 Rc8
40. b5 Bf2 0-1

[Event "Thüringenliga 2011/2012"]
[Site "?"]
[Date "2011.12.04"]
[Round "4"]
[White "Kloß, Thomas"]
[Black "Riedel, Finn"]
[Result "1/2-1/2"]
[WhiteElo "1949"]
[BlackElo "2027"]
[PlyCount "43"]
[EventDate "2011.??.??"]
[WhiteTeam "SV Jenapharm Jena"]
[BlackTeam "SSV Vimaria 91 Weimar"]

1. Nf3 Nf6 2. c4 c5 3. g3 g6 4. d4 cxd4 5. Nxd4 Nc6 6. Bg2 Bg7 7. Nc3 O-O 8.
O-O Qb6 9. Nb3 d6 10. Be3 Qd8 11. c5 Ng4 12. Bf4 e5 13. Bc1 dxc5 14. Qxd8 Nxd8
15. Nxc5 Rb8 16. Rd1 Nf6 17. Nd5 Nxd5 18. Rxd5 Ne6 19. Nd7 Bxd7 20. Rxd7 Rfd8
21. Rxd8+ Rxd8 22. Be3 1/2-1/2

[Event "Thüringenliga 2011/2012"]
[Site "?"]
[Date "2011.12.04"]
[Round "4"]
[White "Philipp, Michael"]
[Black "Zipfel, Frank"]
[Result "1/2-1/2"]
[WhiteElo "1936"]
[BlackElo "1998"]
[PlyCount "110"]
[EventDate "2011.??.??"]
[WhiteTeam "SSV Vimaria 91 Weimar"]
[BlackTeam "SV Jenapharm Jena"]

1. e4 d5 2. exd5 Qxd5 3. Nc3 Qa5 4. d4 Nf6 5. Bd3 Bg4 6. Nge2 e6 7. O-O Be7 8.
f3 Bh5 9. Ng3 Bg6 10. f4 Bxd3 11. Qxd3 Nc6 12. Nce4 Nb4 13. Nxf6+ gxf6 14. Qe4
O-O-O 15. c3 Nc6 16. a4 f5 17. Qf3 Qa6 18. b4 Qc4 19. a5 a6 20. Ne2 Bf6 21. Be3
Ne7 22. Rfd1 Nd5 23. Bf2 Rhg8 24. Qd3 Qc6 25. g3 Rg4 26. h3 Rgg8 27. Rab1 Ne7
28. b5 axb5 29. Rxb5 Qa6 30. c4 c6 31. Rb6 Qxa5 32. Rdb1 Rd7 33. Qb3 Qa8 34.
Nc3 Kd8 35. Rxb7 Qxb7 36. Qxb7 Rxb7 37. Rxb7 h5 38. Kg2 Kc8 39. Ra7 Rd8 40.
Ra8+ Kc7 41. Rxd8 Kxd8 42. c5 Kc7 43. Kf3 Kb7 44. Ke3 Ka6 45. Be1 Ng6 46. Ne2
Bd8 47. Ng1 Ne7 48. Nf3 Nd5+ 49. Kd3 f6 50. Nh4 Ne7 51. Ng2 Kb5 52. Ne3 Nd5 53.
Nc4 Bc7 54. Na3+ Ka4 55. Nc4 Kb5 1/2-1/2

[Event "Thüringenliga 2011/2012"]
[Site "?"]
[Date "2011.12.04"]
[Round "4"]
[White "Mißbach, Bernd"]
[Black "Gulich, Christian"]
[Result "0-1"]
[WhiteElo "1954"]
[BlackElo "1963"]
[PlyCount "56"]
[EventDate "2011.??.??"]
[WhiteTeam "SV Jenapharm Jena"]
[BlackTeam "SSV Vimaria 91 Weimar"]

1. Nf3 f5 2. g3 Nf6 3. Bg2 g6 4. c4 Bg7 5. Nc3 d6 6. d4 O-O 7. O-O c6 8. Bg5
Qe8 9. Qb3 Kh8 10. d5 Na6 11. Rad1 Nc5 12. Qc2 Nfe4 13. Nxe4 Nxe4 14. Bc1 e5
15. dxe6 Bxe6 16. Nd4 Bf7 17. g4 d5 18. gxf5 Be5 19. Nf3 Bf6 20. Nd4 Rg8 21. b4
gxf5 22. Bb2 Qf8 23. Nxf5 Bg6 24. Nh4 Qg7 25. Nxg6+ Qxg6 26. Bxf6+ Qxf6 27. Qd3
Qg7 28. Qd4 Nf6 0-1

[Event "Thüringenliga 2011/2012"]
[Site "?"]
[Date "2011.12.04"]
[Round "4"]
[White "Mysliwiec, Jörg"]
[Black "Skarus, Steffen"]
[Result "1/2-1/2"]
[WhiteElo "1998"]
[BlackElo "1873"]
[PlyCount "30"]
[EventDate "2011.??.??"]
[WhiteTeam "SSV Vimaria 91 Weimar"]
[BlackTeam "SV Jenapharm Jena"]

1. b3 d5 2. Bb2 Nf6 3. Nf3 c5 4. e3 Nc6 5. Bb5 Bg4 6. O-O Rc8 7. h3 Bh5 8. g4
Bg6 9. Ne5 e6 10. h4 Ne4 11. h5 Qh4 12. Kg2 f6 13. Nxg6 hxg6 14. d3 Rxh5 15.
gxh5 Qg5+ 1/2-1/2

[Event "Thüringenliga 2011/2012"]
[Site "?"]
[Date "2011.12.04"]
[Round "4"]
[White "Recknagel, Michael"]
[Black "Manicke, Hans-Joachim"]
[Result "1/2-1/2"]
[WhiteElo "2224"]
[BlackElo "1921"]
[PlyCount "42"]
[EventDate "2011.??.??"]
[WhiteTeam "SC Suhl"]
[BlackTeam "VfL 1990 Gera"]

1. e4 c6 2. d4 d5 3. e5 Bf5 4. Be3 e6 5. Nd2 Nd7 6. Ngf3 Qc7 7. Nh4 Ne7 8. g4
Bg6 9. Nxg6 Nxg6 10. Bd3 c5 11. c3 Ne7 12. O-O Nc6 13. Nf3 Be7 14. a3 a6 15.
Qe2 b5 16. a4 c4 17. Bb1 b4 18. cxb4 Nxb4 19. Rc1 Qb7 20. b3 cxb3 21. Qb2 Nc6
1/2-1/2

[Event "Thüringenliga 2011/2012"]
[Site "?"]
[Date "2011.12.04"]
[Round "4"]
[White "Berghof, Axel"]
[Black "Kretzschmar, Bernd"]
[Result "1-0"]
[WhiteElo "2036"]
[BlackElo "1879"]
[PlyCount "83"]
[EventDate "2011.??.??"]
[WhiteTeam "SC Suhl"]
[BlackTeam "VfL 1990 Gera"]

1. e4 g6 2. d4 Bg7 3. Nc3 c6 4. h4 h5 5. Bg5 Qb6 6. Nge2 d6 7. Qd2 Qxb2 8. Rb1
Qa3 9. Nd1 Qxa2 10. Rb3 Qa1 11. Rb2 Nf6 12. Ng3 Nbd7 13. c4 c5 14. Be3 Qa6 15.
Be2 Qc6 16. d5 Qc7 17. f3 Ne5 18. O-O b6 19. Nc3 Bd7 20. Ra2 O-O 21. Bh6 a6 22.
Bxg7 Kxg7 23. f4 Neg4 24. f5 b5 25. cxb5 axb5 26. Rxa8 Rxa8 27. Qg5 Rh8 28.
fxg6 fxg6 29. Bxg4 Bxg4 30. Nxb5 Qd7 31. Nxd6 Qxd6 32. e5 Qb6 33. d6 c4+ 34.
Kh2 Nh7 35. Qxe7+ Kh6 36. Rf7 c3 37. Ne4 Qd8 38. Rxh7+ Rxh7 39. Qxd8 c2 40.
Qg5+ Kg7 41. d7 Rh8 42. d8=Q 1-0

[Event "Thüringenliga 2011/2012"]
[Site "?"]
[Date "2011.12.04"]
[Round "4"]
[White "Huster, Mike"]
[Black "Feld-Gerdes, Wolfgang"]
[Result "1-0"]
[WhiteElo "1908"]
[BlackElo "2013"]
[PlyCount "68"]
[EventDate "2011.??.??"]
[WhiteTeam "VfL 1990 Gera"]
[BlackTeam "SC Suhl"]

1. d4 d5 2. Nf3 Nf6 3. c4 c6 4. g3 Nbd7 5. Bg2 dxc4 6. a4 a5 7. Na3 Nb6 8. Ne5
g6 9. Naxc4 Be6 10. Qd3 Bg7 11. O-O O-O 12. Bd2 Nbd5 13. Qa3 Ng4 14. Rfd1 Nxe5
15. dxe5 Qc7 16. e4 Nb6 17. Nxa5 Bxe5 18. Rac1 Rfd8 19. b4 Rd7 20. Be3 Rad8 21.
Rxd7 Rxd7 22. Bf1 Bd4 23. b5 Bxe3 24. Qxe3 Rd6 25. bxc6 bxc6 26. e5 Rd5 27.
Nxc6 Nxa4 28. Qa3 Kg7 29. Qxa4 Rd2 30. Qf4 Qd7 31. Nxe7 Rd1 32. Qf6+ Kf8 33.
Rc8+ Qxc8 34. Nxc8 Bxc8 1-0

[Event "Thüringenliga 2011/2012"]
[Site "?"]
[Date "2011.12.04"]
[Round "4"]
[White "Koch, Stefan"]
[Black "Richter, Sven"]
[Result "0-1"]
[WhiteElo "1924"]
[BlackElo "1948"]
[PlyCount "76"]
[EventDate "2011.??.??"]
[WhiteTeam "SC Suhl"]
[BlackTeam "VfL 1990 Gera"]

1. e4 g6 2. d4 Bg7 3. Nf3 d6 4. Be3 Nf6 5. Bd3 c5 6. c3 Qa5 7. O-O O-O 8. Nbd2
cxd4 9. Nb3 Qd8 10. Nbxd4 Nc6 11. Qb3 Ng4 12. Bg5 Nge5 13. Nxe5 Nxe5 14. Be2 a5
15. a4 Nc6 16. Nb5 Be6 17. Bc4 Bxc4 18. Qxc4 h6 19. Bf4 Rc8 20. Qd5 Qd7 21. Na3
Ne5 22. Bxe5 Rc5 23. Qd3 Bxe5 24. Nc4 Bg7 25. Rfe1 b5 26. Ne3 bxa4 27. Re2 Rb8
28. Nd1 Rb3 29. Qc2 Qb5 30. Re3 h5 31. Qd3 Qc6 32. Re2 e6 33. Qe3 a3 34. Rxa3
Rxa3 35. bxa3 Bxc3 36. Rc2 Bd4 37. Rxc5 Bxc5 38. Qd3 Qa4 0-1

[Event "Thüringenliga 2011/2012"]
[Site "?"]
[Date "2011.12.04"]
[Round "4"]
[White "Schönfeld, Volker"]
[Black "v.d. Weth - v. Nordheim, Petra"]
[Result "1/2-1/2"]
[WhiteElo "1850"]
[BlackElo "1865"]
[PlyCount "29"]
[EventDate "2011.??.??"]
[WhiteTeam "VfL 1990 Gera"]
[BlackTeam "SC Suhl"]

1. e4 c5 2. c3 Nc6 3. d4 cxd4 4. cxd4 d5 5. exd5 Qxd5 6. Nf3 e6 7. Be2 a6 8.
O-O Nf6 9. Nc3 Qa5 10. a3 Be7 11. Bf4 Nd5 12. Nxd5 Qxd5 13. Rc1 b5 14. Re1 Bb7
15. a4 1/2-1/2

[Event "Thüringenliga 2011/2012"]
[Site "?"]
[Date "2011.12.04"]
[Round "4"]
[White "Müller, Bernd"]
[Black "Piontek, Michael"]
[Result "0-1"]
[WhiteElo "1738"]
[BlackElo "1851"]
[PlyCount "70"]
[EventDate "2011.??.??"]
[WhiteTeam "SC Suhl"]
[BlackTeam "VfL 1990 Gera"]

1. e4 e6 2. Nf3 d5 3. e5 c5 4. b4 c4 5. c3 Qc7 6. d3 cxd3 7. Bxd3 a5 8. b5 Nd7
9. Bf4 Nc5 10. Bc2 Ne4 11. Qd3 Bd7 12. a4 Rc8 13. Bd2 Ne7 14. Ng5 Nxd2 15. Qxd2
Qxe5+ 16. Kf1 Ng6 17. h4 Be7 18. Rh3 Nxh4 19. f4 Bxg5 20. fxg5 Nf5 21. Qf2 d4
22. Rf3 Ne3+ 23. Kg1 Nxc2 24. Qxc2 Qe1+ 25. Rf1 Qe3+ 26. Qf2 Qxf2+ 27. Rxf2
dxc3 28. Rc2 Ke7 29. Ra3 Rc5 30. Nxc3 Rhc8 31. Kf2 Rxg5 32. Ke3 Rgc5 33. Kd3 e5
34. Ke4 Rc4+ 35. Kxe5 f6+ 0-1

[Event "Thüringenliga 2011/2012"]
[Site "?"]
[Date "2011.12.04"]
[Round "4"]
[White "Walther, Thomas"]
[Black "Fuhrmann, Christian"]
[Result "1-0"]
[WhiteElo "1839"]
[BlackElo "1803"]
[PlyCount "65"]
[EventDate "2011.??.??"]
[WhiteTeam "VfL 1990 Gera"]
[BlackTeam "SC Suhl"]

1. e4 c5 2. Nf3 Nc6 3. d4 cxd4 4. Nxd4 Nf6 5. Nc3 a6 6. Bg5 e5 7. Bxf6 Qxf6 8.
Nd5 Qd8 9. Nb3 a5 10. c3 Rb8 11. Bd3 d6 12. O-O Be7 13. f4 exf4 14. Nxe7 Qxe7
15. Rxf4 O-O 16. Nd4 Ne5 17. Bc2 Qg5 18. Rf2 Bg4 19. Qf1 Be6 20. Bb3 Bxb3 21.
axb3 b6 22. Nf5 Rbd8 23. Rd1 Qh5 24. h3 g6 25. Nxd6 Qg5 26. Nc4 Rxd1 27. Qxd1
Rd8 28. Qe2 Nd3 29. Rf3 Nf4 30. Qf2 Rd1+ 31. Kh2 Nd3 32. Qxb6 Nf4 33. Qb8+ 1-0

[Event "Thüringenliga 2011/2012"]
[Site "?"]
[Date "2012.01.08"]
[Round "5"]
[White "Schneider, Christian"]
[Black "Recknagel, Michael"]
[Result "1-0"]
[WhiteElo "2185"]
[BlackElo "2224"]
[PlyCount "109"]
[EventDate "2011.??.??"]
[WhiteTeam "SG Blau-Weiß Stadtilm"]
[BlackTeam "SC Suhl"]

1. e4 c6 2. Nc3 d5 3. d4 dxe4 4. Nxe4 Nd7 5. Ng5 Ngf6 6. Bd3 e6 7. N1f3 Bd6 8.
Qe2 h6 9. Ne4 Nxe4 10. Qxe4 Nf6 11. Qe2 Qc7 12. O-O O-O 13. Bd2 b6 14. c4 Bb7
15. Bc3 Rfe8 16. Ne5 Rad8 17. Rad1 Ba8 18. b4 c5 19. dxc5 bxc5 20. b5 Nd7 21.
f4 f6 22. Nxd7 Rxd7 23. Qh5 Ree7 24. Qg6 f5 25. Bc2 Bxf4 26. Kh1 Be3 27. Rde1
Bd2 28. Be5 Qb7 29. Re2 Bg5 30. Bc3 Rd6 31. a4 Rf7 32. Rg1 Bf6 33. Bxf6 Rxf6
34. Qe8+ Kh7 35. a5 a6 36. b6 Rg6 37. Rf2 Rd4 38. h3 Rh4 39. Kh2 Rxc4 40. Bd1
Rh4 41. Bf3 Re4 42. Rd1 Qc6 43. Qxc6 Bxc6 44. Bxe4 Bxe4 45. Rd7 Rf6 46. Rfd2
Kg6 47. Rc7 Rf8 48. Rxc5 Kf6 49. Rc7 Bd5 50. Rb2 Rb8 51. b7 Ke5 52. Rb6 Kd4 53.
Rxa6 Rxb7 54. Rxb7 Bxb7 55. Rxe6 1-0

[Event "Thüringenliga 2011/2012"]
[Site "?"]
[Date "2012.01.08"]
[Round "5"]
[White "Silberschlag, Jörg"]
[Black "Siebarth, Raiko"]
[Result "1/2-1/2"]
[WhiteElo "2092"]
[BlackElo "2189"]
[PlyCount "155"]
[EventDate "2011.??.??"]
[WhiteTeam "SC Suhl"]
[BlackTeam "SG Blau-Weiß Stadtilm"]

1. e4 c5 2. c3 Nf6 3. e5 Nd5 4. Nf3 e6 5. Bc4 Nb6 6. Bb3 Nc6 7. d4 cxd4 8. cxd4
d6 9. O-O dxe5 10. dxe5 Qxd1 11. Rxd1 Na5 12. Bc2 Bd7 13. Be4 Rc8 14. Bd2 Bc6
15. Bxa5 Bxe4 16. Bxb6 axb6 17. Nc3 Bc6 18. Nd4 Bc5 19. Nxc6 Rxc6 20. Rd3 O-O
21. Rd7 f6 22. exf6 Rxf6 23. Ne4 Rf7 24. Rad1 Rxd7 25. Rxd7 Bd4 26. g3 Bxb2 27.
Ng5 Bf6 28. Ne4 Be5 29. Rxb7 h6 30. Kg2 Bd4 31. Kf3 Rc2 32. Ra7 Kh7 33. Ra4 e5
34. Ra7 Rc8 35. h4 Rf8+ 36. Ke2 Kg6 37. f3 Rc8 38. h5+ Kh7 39. Kd3 Kg8 40. f4
Rc1 41. Nd6 Kf8 42. Ke4 Bb2 43. Rf7+ Kg8 44. Rb7 exf4 45. Rb8+ Kh7 46. gxf4 Rc6
47. Nf7 g6 48. hxg6+ Rxg6 49. Ne5 Rd6 50. Rb7+ Kg8 51. Kf5 Bc3 52. Rc7 Bd4 53.
Nc6 Rf6+ 54. Ke4 Bb2 55. f5 Rd6 56. Ne7+ Kf8 57. Nd5 Ba3 58. Ke5 Rd8 59. Rb7
Bb2+ 60. Ke6 Re8+ 61. Kd6 Ra8 62. Rxb6 Rxa2 63. Ke6 Ra8 64. f6 Re8+ 65. Kd6
Ba3+ 66. Kd7 Re5 67. Rb8+ Kf7 68. Kc6 Re6+ 69. Kb5 Bd6 70. Rb7+ Kg6 71. Rg7+
Kf5 72. f7 h5 73. Rg8 h4 74. f8=Q+ Bxf8 75. Rxf8+ Kg4 76. Rg8+ Kf3 77. Rh8 Kg3
78. Rg8+ 1/2-1/2

[Event "Thüringenliga 2011/2012"]
[Site "?"]
[Date "2012.01.08"]
[Round "5"]
[White "Rätsch, Heinz"]
[Black "Berghof, Axel"]
[Result "1-0"]
[WhiteElo "2102"]
[BlackElo "2036"]
[PlyCount "115"]
[EventDate "2011.??.??"]
[WhiteTeam "SG Blau-Weiß Stadtilm"]
[BlackTeam "SC Suhl"]

1. e4 e6 2. d4 d5 3. Nc3 Nf6 4. exd5 exd5 5. Bd3 c5 6. Nf3 c4 7. Be2 Nc6 8. O-O
Be7 9. Ne5 Qb6 10. Nxc6 Qxc6 11. b3 b5 12. bxc4 bxc4 13. Bf3 O-O 14. Re1 Be6
15. Rb1 Rab8 16. Bf4 Rb6 17. Rxb6 axb6 18. Qb1 Ra8 19. a4 Bd6 20. Bxd6 Qxd6 21.
g3 h6 22. Qb2 Ra5 23. Rb1 Nd7 24. Qb4 Qxb4 25. Rxb4 Kf8 26. Kf1 Ke7 27. Ke1 Kd8
28. Kd2 Ke7 29. Be2 g5 30. Ke3 f5 31. f4 Bf7 32. Rb1 Kd6 33. fxg5 hxg5 34. h4
gxh4 35. gxh4 Ra8 36. Rf1 Be6 37. Rh1 Rh8 38. Kf4 Nf6 39. Bf3 Ne4 40. Nb5+ Kd7
41. h5 Bf7 42. h6 Bg6 43. Bxe4 fxe4 44. Ke3 Rh7 45. Nc3 Kc6 46. Ne2 Kd6 47. Nf4
Be8 48. c3 Bf7 49. Kf2 Ke7 50. Kg3 Kf6 51. Rb1 e3 52. Rxb6+ Kf5 53. a5 Kg5 54.
a6 Bh5 55. Re6 e2 56. Re5+ Kf6 57. Nxh5+ Kf7 58. a7 1-0

[Event "Thüringenliga 2011/2012"]
[Site "?"]
[Date "2012.01.08"]
[Round "5"]
[White "Feld-Gerdes, Wolfgang"]
[Black "George, Tom"]
[Result "0-1"]
[WhiteElo "2013"]
[BlackElo "1806"]
[PlyCount "60"]
[EventDate "2011.??.??"]
[WhiteTeam "SC Suhl"]
[BlackTeam "SG Blau-Weiß Stadtilm"]

1. e4 Nf6 2. e5 Nd5 3. c4 Nb6 4. d4 d6 5. exd6 cxd6 6. d5 Bf5 7. b3 N8d7 8. Bd3
Bxd3 9. Qxd3 Nf6 10. Bb2 g6 11. Nf3 Bg7 12. O-O O-O 13. Re1 Nbd7 14. Nbd2 Re8
15. b4 Qb6 16. Rab1 Ng4 17. Bd4 Bxd4 18. Qxd4 Qxd4 19. Nxd4 Rac8 20. f4 Nb6 21.
Rbc1 Nf6 22. Kf1 a6 23. Rc2 Rc7 24. Rec1 Ng4 25. Ke2 Nxh2 26. Ra1 Rec8 27. Kd3
Na4 28. Rac1 Ng4 29. Ne4 Rxc4 30. Rb1 Rxd4+ 0-1

[Event "Thüringenliga 2011/2012"]
[Site "?"]
[Date "2012.01.08"]
[Round "5"]
[White "Siebarth, Marco"]
[Black "Koch, Stefan"]
[Result "1/2-1/2"]
[WhiteElo "1981"]
[BlackElo "1924"]
[PlyCount "37"]
[EventDate "2011.??.??"]
[WhiteTeam "SG Blau-Weiß Stadtilm"]
[BlackTeam "SC Suhl"]

1. e4 e5 2. Nf3 Nc6 3. Bb5 d6 4. O-O Nf6 5. Re1 Be7 6. c3 O-O 7. d4 exd4 8.
cxd4 Bg4 9. d5 Ne5 10. Be2 Nxf3+ 11. Bxf3 Bxf3 12. Qxf3 Nd7 13. Nc3 Ne5 14. Qe2
Bf6 15. f4 Nd7 16. Be3 Re8 17. Qf3 b6 18. Rac1 Nc5 19. Bf2 1/2-1/2

[Event "Thüringenliga 2011/2012"]
[Site "?"]
[Date "2012.01.08"]
[Round "5"]
[White "Mucha, Felix"]
[Black "Berner, Stephan"]
[Result "1/2-1/2"]
[WhiteElo "1915"]
[BlackElo "1758"]
[PlyCount "31"]
[EventDate "2011.??.??"]
[WhiteTeam "SC Suhl"]
[BlackTeam "SG Blau-Weiß Stadtilm"]

1. e4 c6 2. d4 d5 3. e5 Bf5 4. h4 h5 5. Ne2 e6 6. Nf4 g6 7. c3 c5 8. Bd3 Nh6 9.
Be3 Qb6 10. Qd2 Nc6 11. dxc5 Bxc5 12. Bxc5 Qxc5 13. Bxf5 Nxf5 14. Nd3 Qc4 15.
Qe2 Qe4 16. Kf1 1/2-1/2

[Event "Thüringenliga 2011/2012"]
[Site "?"]
[Date "2012.01.08"]
[Round "5"]
[White "Dittrich, Hans-Georg"]
[Black "Müller, Bernd"]
[Result "0-1"]
[WhiteElo "1633"]
[BlackElo "1738"]
[PlyCount "96"]
[EventDate "2011.??.??"]
[WhiteTeam "SG Blau-Weiß Stadtilm"]
[BlackTeam "SC Suhl"]

1. e4 d5 2. exd5 Qxd5 3. Nc3 Qa5 4. d4 Nf6 5. Bd2 Bg4 6. Be2 Bxe2 7. Ngxe2 Nc6
8. O-O O-O-O 9. Ne4 Qf5 10. Nxf6 Qxf6 11. Be3 e6 12. c3 Bd6 13. b4 Ne7 14. Ng3
h5 15. Ne4 Bxh2+ 16. Kxh2 Qh4+ 17. Kg1 Qxe4 18. Re1 Qc6 19. Qd3 h4 20. b5 Qd5
21. c4 Qd6 22. Rad1 h3 23. g3 Nf5 24. Bf4 h2+ 25. Kh1 Qxd4 26. Qe2 Qc5 27.
Rxd8+ Rxd8 28. Kxh2 Qd4 29. a4 Qc3 30. Be5 Qd3 31. Qxd3 Rxd3 32. Rc1 f6 33. Bc3
Nd6 34. Bb4 Ne4 35. Kg2 e5 36. a5 c5 37. Be1 Rd4 38. Kf1 Nd6 39. Kg2 Rxc4 40.
Rxc4 Nxc4 41. Kf3 Kd7 42. Bc3 b6 43. axb6 axb6 44. g4 Ke6 45. Ba1 Kd5 46. g5 f5
47. g6 Na3 48. Ke3 Nc2+ 0-1

[Event "Thüringenliga 2011/2012"]
[Site "?"]
[Date "2012.01.08"]
[Round "5"]
[White "Fuhrmann, Christian"]
[Black "Kinzel, Tiffany"]
[Result "1-0"]
[WhiteElo "1803"]
[BlackElo "1829"]
[PlyCount "89"]
[EventDate "2011.??.??"]
[WhiteTeam "SC Suhl"]
[BlackTeam "SG Blau-Weiß Stadtilm"]

1. d4 Nf6 2. c4 g6 3. Nc3 Bg7 4. e4 d6 5. f3 Nbd7 6. Be3 O-O 7. Qd2 c6 8. Bd3
Qc7 9. Nge2 e5 10. d5 a6 11. Rc1 Rd8 12. g4 Nc5 13. Ng3 Bd7 14. Be2 Qa5 15. Rb1
cxd5 16. cxd5 Qc7 17. Rc1 Rac8 18. Kf2 Qb8 19. h4 b5 20. b4 Nb7 21. h5 Ne8 22.
hxg6 fxg6 23. Bh6 Nf6 24. Bxg7 Qa7+ 25. Kg2 Kxg7 26. Qh6+ Kf7 27. g5 Ne8 28.
Qxh7+ Ng7 29. Rh6 Rg8 30. Qxg6+ Kf8 31. Qf6+ Ke8 32. Rh7 Nd8 33. Nf5 Bxf5 34.
exf5 Qf7 35. Qxf7+ Nxf7 36. f4 Nxf5 37. Bh5 Rc7 38. Ne2 Rxc1 39. Bxf7+ Kf8 40.
Nxc1 Rg7 41. Rxg7 Kxg7 42. Be6 Ne3+ 43. Kf3 exf4 44. Kxf4 Nc2 45. Nd3 1-0

[Event "Thüringenliga 2011/2012"]
[Site "?"]
[Date "2012.01.08"]
[Round "5"]
[White "Buring, Matthias"]
[Black "du Maire, Jérôme"]
[Result "1-0"]
[WhiteElo "1976"]
[BlackElo "2008"]
[PlyCount "123"]
[EventDate "2011.??.??"]
[WhiteTeam "SG Arnstadt-Stadtilm"]
[BlackTeam "SV 1861 Liebschwitz"]

1. e4 e6 2. d4 d5 3. exd5 exd5 4. Bd3 Bd6 5. Nf3 Nf6 6. O-O O-O 7. h3 h6 8. Nc3
Nc6 9. Nb5 Nb4 10. Nxd6 Qxd6 11. Ne5 Nxd3 12. Nxd3 Bf5 13. c3 Rfe8 14. Bf4 Qb6
15. a4 a5 16. Be5 Nd7 17. Bh2 Re7 18. b4 axb4 19. Nxb4 Qa5 20. Qh5 Be6 21. Qh4
Rae8 22. Rfe1 Nf6 23. Be5 Bf5 24. Re3 Ne4 25. Qf4 Bg6 26. Rae1 f6 27. Bxc7 Qxc7
28. Nxd5 Qxf4 29. Nxf4 Bf7 30. f3 g5 31. Nd3 Bd5 32. Nb4 Bb3 33. fxe4 Bxa4 34.
Nd5 Rf7 35. c4 Bc6 36. Nb4 Rfe7 37. Nxc6 bxc6 38. Kf2 Rd7 39. d5 Kf7 40. Ra1
Rde7 41. Rae1 Re5 42. g4 h5 43. gxh5 Rh8 44. Rb1 Rxh5 45. Rb7+ Kg6 46. Rb6 cxd5
47. cxd5 Rh4 48. Rf3 Rhxe4 49. Rbxf6+ Kg7 50. Rf7+ Kg8 51. R7f5 Kg7 52. Rxe5
Rxe5 53. Rd3 Kf7 54. Kf3 Ke7 55. Re3 g4+ 56. hxg4 Kd6 57. Rxe5 Kxe5 58. d6 Kxd6
59. Kf4 Ke7 60. Kg5 Kf8 61. Kh6 Kf7 62. g5 1-0

[Event "Thüringenliga 2011/2012"]
[Site "?"]
[Date "2012.01.08"]
[Round "5"]
[White "Zeidler, Andreas"]
[Black "Seidel, Thomas"]
[Result "1/2-1/2"]
[WhiteElo "2119"]
[BlackElo "1945"]
[PlyCount "100"]
[EventDate "2011.??.??"]
[WhiteTeam "SV 1861 Liebschwitz"]
[BlackTeam "SG Arnstadt-Stadtilm"]

1. d4 d5 2. c4 e6 3. Nf3 Nf6 4. e3 c6 5. Nc3 Nbd7 6. Bd3 Bd6 7. O-O O-O 8. e4
dxe4 9. Nxe4 Nxe4 10. Bxe4 h6 11. Re1 Re8 12. Bc2 Nf8 13. Bd2 b6 14. Ba4 Bd7
15. Bc2 c5 16. Bc3 Bc6 17. Ne5 Bxe5 18. dxe5 Qxd1 19. Raxd1 Red8 20. a4 a5 21.
f3 Ng6 22. Kf2 Kf8 23. g3 Ke7 24. f4 Rxd1 25. Rxd1 Rd8 26. Rxd8 Kxd8 27. b3 Ne7
28. g4 g6 29. Be1 Kd7 30. Ke3 Bg2 31. Bd1 Bh1 32. Bh4 Ng8 33. Bc2 Bg2 34. f5
gxf5 35. gxf5 Ne7 36. Bxe7 Kxe7 37. f6+ Kf8 38. Kf4 Bf1 39. Ke3 Kg8 40. Be4 Kh8
41. Kf2 Bh3 42. Bd3 Bg4 43. Bc2 Kg8 44. h4 Bh5 45. Kg3 Kh8 46. Kf4 Be2 47. Ke3
Bg4 48. Kf4 Be2 49. Ke3 Bg4 50. Kf4 Be2 1/2-1/2